MCQs in paediatrics/ (Record no. 118209)
[ view plain ]
| 000 -LEADER | |
|---|---|
| fixed length control field | 00730nam a2200253 a 4500 |
| 008 - FIXED-LENGTH DATA ELEMENTS--GENERAL INFORMATION | |
| fixed length control field | |
| 020 ## - INTERNATIONAL STANDARD BOOK NUMBER | |
| International Standard Book Number | 9780702022494 (pbk.) |
| 049 ## - LOCAL HOLDINGS (OCLC) | |
| Holding library | MAIN |
| 090 ## - LOCALLY ASSIGNED LC-TYPE CALL NUMBER (OCLC); LOCAL CALL NUMBER (RLIN) | |
| Classification number (OCLC) (R) ; Classification number, CALL (RLIN) (NR) | RJ101 |
| Local cutter number (OCLC) ; Book number/undivided call number, CALL (RLIN) | MCQ. |
| 003 - CONTROL NUMBER IDENTIFIER | |
| control field | |
| 005 - DATE AND TIME OF LATEST TRANSACTION | |
| control field | 20231211120615.0 |
| 040 ## - CATALOGING SOURCE | |
| Transcribing agency | NUST |
| 245 10 - TITLE STATEMENT | |
| Title | MCQs in paediatrics/ |
| Statement of responsibility, etc. | edited by Tom Marshall ; Dominic Cochran and Louise Bath. |
| 260 ## - PUBLICATION, DISTRIBUTION, ETC. | |
| Place of publication, distribution, etc. | Edinburgh : |
| Name of publisher, distributor, etc. | Saunders, |
| Date of publication, distribution, etc. | 1999. |
| 300 ## - PHYSICAL DESCRIPTION | |
| Extent | viii, 404 p. ; |
| Dimensions | 22 cm. |
| 650 #1 - SUBJECT ADDED ENTRY--TOPICAL TERM | |
| Topical term or geographic name entry element | Children |
| General subdivision | Diseases. |
| 650 ## - SUBJECT ADDED ENTRY--TOPICAL TERM | |
| Topical term or geographic name entry element | Paediatrics. |
| 650 ## - SUBJECT ADDED ENTRY--TOPICAL TERM | |
| Topical term or geographic name entry element | Child Health Examination. |
| 700 ## - ADDED ENTRY--PERSONAL NAME | |
| Personal name | Marshall, Tom. |
| 700 ## - ADDED ENTRY--PERSONAL NAME | |
| Personal name | Cochran, Dominic. |
| 700 ## - ADDED ENTRY--PERSONAL NAME | |
| Personal name | Bath, Louise. |
| 907 ## - LOCAL DATA ELEMENT G, LDG (RLIN) | |
| a | .b10354396 |
| b | 29-01-15 |
| c | 29-01-15 |
| 942 ## - ADDED ENTRY ELEMENTS (KOHA) | |
| Koha item type | Ordinary Loan Books |
| Call number prefix | RJ101 |
| Call number suffix | MCQ. |
| Koha issues (borrowed), all copies | 1 |
| Date last seen | Total Checkouts | Full call number | Barcode | Date last checked out | Cost, replacement price | Price effective from | Koha item type | Lost status | Source of classification or shelving scheme | Damaged status | Not for loan | Collection | Withdrawn status | Home library | Current library | Shelving location | Date acquired | Cost, normal purchase price |
|---|---|---|---|---|---|---|---|---|---|---|---|---|---|---|---|---|---|---|
| 11/27/2024 | 15 | RJ101 MCQ | 92004039129 | 12/11/2023 | 80.00 | 01/20/2023 | BOOKS | LCC | NFIC | MEDICAL | MAIN | GEN | 01/20/2023 | 80.00 |